10 największych miast Wielkiej Brytanii - Statystyki

Ogólne statystyki
  • Ten quiz został rozwiązany 79 razy
  • Średni wynik to 8 z 10
Statystyki odpowiedzi
Region Miasto % Poprawnych
Anglia Londyn
100%
Anglia Manchester
100%
Szkocja Glasgow
93%
Anglia Liverpool
93%
Anglia Birmingham
90%
Szkocja Edynburg
87%
Walia Cardiff
84%
Anglia Leeds
69%
Anglia Sheffield
43%
Anglia Bristol
33%
Nie znaleziono quizów pasujących do podanych kryteriów
Rozkład punktacji
Procent ludzi z każdym wynikiem
Percentyl według liczby udzielonych odpowiedzi
Twoja historia wyników
Nie rozwiązałeś tego quizu